|
|
|
|
| LEADER |
00000nam0a2200000 4500 |
| 001 |
107268 |
| 005 |
20231101214723.0 |
| 035 |
|
|
|a (RuTPU)RU\TPU\book\115818
|
| 090 |
|
|
|a 107268
|
| 100 |
|
|
|a 20061220d1969 k y0rusy50 ca
|
| 101 |
0 |
|
|a rus
|
| 102 |
|
|
|a RU
|
| 105 |
|
|
|a a z 001zy
|
| 200 |
1 |
|
|a Вторичная электронная эмиссия
|f И. М. Бронштейн, Б. С. Фрайман
|
| 210 |
|
|
|a Москва
|c Наука
|d 1969
|
| 215 |
|
|
|a 287 с.
|c ил.
|
| 225 |
1 |
|
|a Физико-математическая библиотека инженера
|
| 320 |
|
|
|a Библиогр.: с. 354-407.
|
| 606 |
1 |
|
|a Электронная эмиссия
|2 stltpush
|3 (RuTPU)RU\TPU\subj\20379
|9 45488
|
| 610 |
1 |
|
|a физика
|
| 610 |
1 |
|
|a вторичная электронная эмиссия
|
| 610 |
1 |
|
|a электроны
|
| 610 |
1 |
|
|a рассеяние
|
| 610 |
1 |
|
|a металлы
|
| 610 |
1 |
|
|a полупроводники
|
| 610 |
1 |
|
|a диэлектрики
|
| 610 |
1 |
|
|a временная дисперсия
|
| 675 |
|
|
|a 537.533.2
|v 3
|
| 700 |
|
1 |
|a Бронштейн
|b И. М.
|g Иоганн Моисеевич
|
| 701 |
|
1 |
|a Фрайман
|b Б. С.
|g Борис Соломонович
|
| 801 |
|
1 |
|a RU
|b 63413507
|c 20061220
|g PSBO
|
| 801 |
|
2 |
|a RU
|b 63413507
|c 20140403
|g PSBO
|
| 942 |
|
|
|c BK
|